[Event "45th Olympiad 2024"]
[Site "Budapest HUN"]
[Date "2024.09.16"]
[Round "6.34"]
[Board "2"]
[White "Hernandez Guerrero, Gilberto"]
[Black "Efimov, Igor"]
[Result "0-1"]
[WhiteElo "2482"]
[BlackElo "2338"]
[PlyCount "78"]
[EventDate "2024.09.11"]
[WhiteTeam "Mexico"]
[BlackTeam "Monaco"]
[WhiteTeamCountry "MEX"]
[BlackTeamCountry "MNC"]

1. e4 e6 2. d4 d5 3. Nc3 Nf6 4. Bg5 dxe4 5. Nxe4 Be7 6. Bxf6 gxf6 7. Nf3 a6 8. Bd3 b5 9. Qe2 Nd7 ({RR} 9... Bb7 10. O-O Nd7 11. Rad1 f5 12. Nc5 Bxc5 13. dxc5 Qf6 14. Bxb5 axb5 15. Qxb5 Bc8 16. Qc6 Rxa2 17. Qxc7 O-O 18. b4 Qc3 19. c6 Nf6 20. Rd8 Rxd8 21. Qxd8+ Kg7 22. Qxc8 Rxc2 23. b5 Rc1 24. Qd8 {½-½ Zarubitski,V (2451)-Jumabayev,R (2646) Wch Rapid Moscow 2019 (9)}) 10. a4 ({RR} 10. Ng3 Bb7 11. Be4 c6 12. h4 f5 13. Bd3 c5 14. dxc5 Nxc5 15. O-O-O Qc7 16. Kb1 O-O-O 17. Rhe1 Bf6 18. Nh5 Be7 19. Ng5 Bxg5 20. hxg5 h6 21. gxh6 Rxh6 22. Ng3 Bxg2 23. Qe3 f4 24. Qe5 Qxe5 {0-1 Guevara Ruiz,S (2109)-Sjugirov,S (2651) Titled Tue 2nd Jul Early 2024 (3)}) 10... Bb7 11. O-O b4 12. Rfe1 $146 ({RR} 12. c4 c6 13. Rfe1 Qa5 14. c5 Qc7 15. Nfd2 Nf8 16. Nc4 Ng6 17. Qf3 f5 18. Ned6+ Kf8 19. Bxf5 exf5 20. Qxf5 Bh4 21. g3 Bc8 22. Qf3 Kg7 23. gxh4 Be6 24. h5 Ne7 25. Rxe6 fxe6 26. Qf7+ Kh6 {1-0 Heimsoth,S (2113)-Kleinegger,F (2201) Ruhrgebiet CupT 2005 [4]}) ({RR} 12. c4 O-O 13. Rad1 c6 14. Rfe1 Re8 15. Bb1 Qa5 16. Nfd2 f5 17. Qh5 Qd8 18. Re3 Nf8 19. Rg3+ Ng6 20. Nf3 fxe4 21. Rh3 Bf6 22. Qxh7+ Kf8 23. Bxe4 Nh8 24. Rh6 Rb8 25. g4 Bg7 26. Rh5 c5 {0-1 Nikolic,M (2212)-Skare,G (2318) Belgrade Ada op 2005 (6)}) 12... Nf8 13. c4 Ng6 14. Qe3 f5 15. Ned2 O-O 16. Nb3 Bf6 17. Bf1 c5 18. dxc5 Bxb2 19. Rad1 Qc7 20. Rd6 Bc6 21. Ng5 Rfe8 22. Qh3 Nf8 23. Re3 Bg7 24. a5 Ba4 25. Rb6 Bxb3 26. Rxb3 Qxc5 27. R6xb4 h6 28. Nf3 Qxa5 29. Qh5 Ng6 30. Rb7 Qa1 31. g4 fxg4 32. Qxg4 a5 33. Nh4 Nxh4 34. Qxh4 a4 35. Rg3 a3 36. Qxh6 a2 37. Qh5 Qf6 38. Bd3 a1=Q+ 39. Kg2 Qae5 0-1

[Event "45th Olympiad 2024"]
[Site "Budapest HUN"]
[Date "2024.09.16"]
[Round "6.34"]
[Board "4"]
[White "Palma Villanueva, Miguel Tadeo"]
[Black "Van Hoolandt, Patrick"]
[Result "1-0"]
[WhiteElo "2266"]
[BlackElo "2036"]
[PlyCount "61"]
[EventDate "2024.09.11"]
[WhiteTeam "Mexico"]
[BlackTeam "Monaco"]
[WhiteTeamCountry "MEX"]
[BlackTeamCountry "MNC"]

1. e4 e5 2. Nf3 Nc6 3. Bb5 a6 4. Ba4 Nf6 5. O-O b5 6. Bb3 Bc5 7. c3 d6 8. d4 exd4 9. cxd4 Bb6 10. h3 h6 11. e5 ({RR} 11. Nc3 O-O 12. a4 b4 13. Nd5 Bb7 14. Nxb6 cxb6 15. e5 Ne4 16. Bd5 Na5 17. Bxb7 Nxb7 18. Qe1 d5 19. Qxb4 Rc8 20. Qb3 Na5 21. Qd3 Rc4 22. Bd2 Qc7 23. b3 Rc6 24. Bb4 Rc8 25. Nd2 Nxd2 {1-0 Pruess,D (2331)-Schleifer,M (2356) Quebec-ch Inv 2003 (1)}) ({RR} 11. Nc3 O-O 12. e5 dxe5 13. dxe5 Qxd1 14. Rxd1 Nd7 15. e6 Nc5 16. exf7+ Kh8 17. Bd5 Bb7 18. Nh4 Ne5 19. Bf4 Bxd5 20. Nxd5 Ncd3 21. Bxe5 Nxe5 22. Nxb6 cxb6 23. Re1 g5 24. Nf5 Nxf7 25. Re6 Kh7 {1-0 Bodnaruk,A (2340)-Devanshi,R (1559) Swiss Queens Wed #4 2024 (1.145)}) 11... dxe5 12. dxe5 Qxd1 13. Rxd1 Ng8 $146 ({RR} 13... Ne4 14. Bd5 Nxf2 15. Bxc6+ Ke7 16. Rf1 Nd3+ 17. Kh2 Rb8 18. Nc3 Be6 19. Be4 Nc5 20. Nd4 Rbf8 21. Nxe6 Kxe6 22. Bd5+ Ke7 23. Be3 Nd7 24. Bxb6 Nxb6 25. Bb7 b4 26. Nd5+ Nxd5 27. Bxd5 a5 28. Rac1 {1-0 Saldana Diaz,J-Rivas,P PER-ch U18 Lima 2002 (1)}) ({RR} 13... Nd7 14. Bd5 Bb7 15. Bxf7+ Kxf7 16. Rxd7+ Ne7 17. Bf4 Bxf3 18. gxf3 Ke6 19. Rd1 Rhf8 20. Bg3 Rxf3 21. Kg2 Raf8 22. Rd2 Nd5 23. Re2 h5 24. Nd2 R3f5 25. Ne4 h4 26. Bh2 Nf4+ 27. Bxf4 Rxf4 28. Rc1 {½-½ Bindu,S (1988)-Roy,P (1956) IND-chB (Women) 34th 2007}) 14. Nc3 Ra7 15. Nd5 Nge7 16. Nxb6 cxb6 17. Be3 Rb7 18. Rd6 Bd7 19. Rc1 O-O 20. e6 Be8 21. exf7+ Rxf7 22. g4 Kf8 23. Bxf7 Kxf7 24. Nd4 Ne5 25. Ne6 Rb8 26. Nxg7 Kxg7 27. Bd4 Rb7 28. Bxe5+ Kh7 29. Rd8 Bf7 30. b3 Bd5 31. Rc7 1-0

[Event "45th Olympiad 2024"]
[Site "Budapest HUN"]
[Date "2024.09.16"]
[Round "6.35"]
[Board "1"]
[White "Khusenkhojaev, Mustafokhuja"]
[Black "Galego, Luis"]
[Result "1-0"]
[WhiteElo "2283"]
[BlackElo "2444"]
[PlyCount "57"]
[EventDate "2024.09.11"]
[WhiteTeam "Tajikistan"]
[BlackTeam "Portugal"]
[WhiteTeamCountry "TJK"]
[BlackTeamCountry "POR"]

1. d4 Nf6 2. c4 e6 3. g3 Bb4+ 4. Bd2 Bxd2+ 5. Qxd2 O-O 6. Bg2 d5 7. Nf3 Qe7 8. O-O c5 9. cxd5 exd5 10. dxc5 Qxc5 11. Nc3 Nc6 12. Rac1 Be6 13. Rfd1 Qa5 $146 ({RR} 13... Rac8 14. Nd4 Qb6 15. Nxc6 Rxc6 16. Na4 Qb5 17. Rxc6 Qxc6 18. Nc3 Qb6 19. e3 h6 20. b3 Rd8 21. Ne2 Bg4 22. f3 Bd7 23. Kf2 Rc8 24. Rc1 Rxc1 25. Qxc1 Qa6 26. a3 Qc6 27. Qxc6 bxc6 28. b4 {½-½ Khairullin,I (2631)-Zvjaginsev,V (2683) RUS-ch Higher League 65th 2012 (6)}) ({RR} 13... Rac8 14. a3 Qe7 15. h3 h6 16. Kh2 Rfe8 17. Nd4 Ne5 18. Nxe6 fxe6 19. e4 dxe4 20. Nxe4 Rxc1 21. Rxc1 Rd8 22. Nxf6+ Qxf6 23. Qe2 b6 24. b4 Rf8 25. f4 Ng6 26. Rc6 Re8 27. Bd5 Nf8 28. Bb3 {½-½ Raghunandan,K (2410)-Arvind,S (2190) Mumbai Mayors Cup 10th 2017 (10)}) 14. Nd4 Rfd8 15. Nxc6 bxc6 16. Ne4 Qxa2 17. Nxf6+ gxf6 18. Qd4 Rab8 19. Qxf6 Qxb2 20. Qg5+ Kh8 21. Rxc6 Qxe2 22. Qf6+ Kg8 23. Bf3 Qb2 24. Rd4 Bh3 25. Bg4 Qa1+ 26. Bd1 Qb1 27. Qg5+ Kh8 28. Rc7 Be6 29. Qf6+ 1-0

[Event "45th Olympiad 2024"]
[Site "Budapest HUN"]
[Date "2024.09.16"]
[Round "6.35"]
[Board "3"]
[White "Ilkhomi, Jaloliddin"]
[Black "Sousa, Andre Ventura"]
[Result "1/2-1/2"]
[WhiteElo "2227"]
[BlackElo "2403"]
[PlyCount "112"]
[EventDate "2024.09.11"]
[WhiteTeam "Tajikistan"]
[BlackTeam "Portugal"]
[WhiteTeamCountry "TJK"]
[BlackTeamCountry "POR"]

1. Nf3 Nf6 2. c4 e6 3. g3 d5 4. Bg2 dxc4 5. Qa4+ Bd7 6. Qxc4 c5 7. d4 Nc6 8. O-O b5 9. Qd3 c4 10. Qc2 Rc8 11. Bg5 ({RR} 11. e4 Be7 12. Qe2 O-O 13. Rd1 Re8 14. Ne5 Qc7 15. Bf4 Bd6 16. Nxd7 Nxd7 17. e5 Bb4 18. a3 Ba5 19. a4 Bb6 20. Be3 bxa4 21. Nc3 Red8 22. Rxa4 Qb8 23. Rxc4 Ne7 24. Rxc8 Rxc8 25. Be4 Nf8 {1-0 Gelfand,B (2731)-Bacrot,E (2692) ACP Masters KO rapid 2015 (1.2)}) ({RR} 11. e4 Be7 12. Nc3 O-O 13. Qe2 b4 14. Nb1 Qb6 15. Be3 Qa5 16. Nfd2 Qb5 17. Rc1 Na5 18. Bf1 Qb7 19. f3 Bb5 20. Qf2 Rc6 21. a3 c3 22. bxc3 Bxf1 23. axb4 Bd3 24. Rxa5 Bxb4 25. Nb3 Bxb1 {1-0 Soo,K (2058)-Nguyen Hong Anh (2020) ch-AUS 2024 Adelaide AUS (4.6)}) 11... Be7 12. Rd1 O-O 13. Nc3 b4 $146 ({RR} 13... Qb6 14. a3 Rfd8 15. Ne4 Nxe4 16. Qxe4 h6 17. Be3 Qb8 18. h4 f5 19. Qc2 Bf6 20. Rab1 Na5 21. Bf4 Qb6 22. e4 Nb3 23. Be3 fxe4 24. Ne5 Bxe5 25. dxe5 Qc7 26. Qxe4 Be8 27. Qb7 Qxb7 28. Bxb7 {1-0 Lekic,D (2430)-Papadopoulos,A (1927) Paleochora op 6th 2013 (4)}) ({RR} 13... Qb6 14. d5 Nb4 15. Qd2 Nbxd5 16. Ne5 Rfd8 17. Bxd5 exd5 18. Bxf6 Qxf6 19. Nxd7 Rxd7 20. Nxd5 Qe6 21. e4 Rcd8 22. Qe3 Bf8 23. Re1 f5 24. f3 Rxd5 25. exd5 Qxe3+ 26. Rxe3 Bc5 27. Kf2 Rxd5 28. Ke2 {0-1 Kokje,J (2232)-Minko,D (2011) Hoogeveen op 22nd 2018 (8)}) 14. d5 Nxd5 15. Nxd5 Bxg5 16. Nxg5 Qxg5 17. Ne3 Nb8 18. Nxc4 Bb5 19. b3 a5 20. Rac1 Nd7 21. Qb2 Bxc4 22. Rxd7 Bb5 23. Rxc8 Rxc8 24. Rd2 Qc5 25. Bf3 Qc3 26. Kg2 f5 27. e4 Bc6 28. Qxc3 bxc3 29. Rc2 fxe4 30. Be2 Bd5 31. Kg1 a4 32. bxa4 Bxa2 33. a5 Bb3 34. Rc1 Kf7 35. a6 Kf6 36. Bd1 Bxd1 37. Rxd1 Ke5 38. a7 e3 39. fxe3 Ke4 40. Rd4+ Kxe3 41. Rc4 Rxc4 42. a8=Q c2 43. Qa3+ Ke2 44. Qc1 e5 45. Kg2 Rc3 46. Qf1+ Ke3 47. Qf2+ Kd3 48. Qf3+ Kd4 49. Qf2+ Kc4 50. Qf7+ Kb4 51. Qb7+ Ka3 52. Qa6+ Kb2 53. Qb5+ Ka2 54. Qa4+ Kb2 55. Qb5+ Ka2 56. Qa4+ Kb2 1/2-1/2

[Event "45th Olympiad 2024"]
[Site "Budapest HUN"]
[Date "2024.09.16"]
[Round "6.36"]
[Board "1"]
[White "Kantor, Gergely"]
[Black "Laohawirapap, Prin"]
[Result "1-0"]
[WhiteElo "2537"]
[BlackElo "2380"]
[PlyCount "77"]
[EventDate "2024.09.11"]
[WhiteTeam "Hungary C"]
[BlackTeam "Thailand"]
[BlackTeamCountry "THA"]

1. d4 Nf6 2. c4 e6 3. Nf3 d5 4. Nc3 c6 5. g3 dxc4 6. Ne5 b5 7. Bg2 Nd5 8. O-O Bb7 9. a4 a6 10. e4 Nxc3 11. bxc3 Nd7 12. f4 Be7 13. Ng4 ({RR} 13. Qg4 O-O 14. f5 exf5 15. Qxf5 Nxe5 16. Qxe5 Qd7 17. Be3 Rae8 18. Qh5 Qc7 19. Qg4 Qc8 20. Qh5 Qe6 21. Bf4 Qg6 22. Qe2 Ra8 23. e5 Bg5 24. Be4 Qh6 25. Bxg5 Qxg5 26. Rf5 Qe7 27. Raf1 c5 {1-0 Xu,J-Zhang,Q (1609) Chinese Youth U20 2024 (11.14)}) 13... O-O 14. f5 ({RR} 14. e5 f5 15. exf6 Nxf6 16. Qe2 Qc8 17. Nxf6+ Bxf6 18. Ba3 c5 19. Bxc5 Re8 20. Bxb7 Qxb7 21. Qg2 Qd5 22. axb5 axb5 23. Qxd5 exd5 24. Rxa8 Rxa8 25. Rb1 Rb8 26. Kf2 Kf7 27. Ra1 Rb7 28. Re1 h5 {½-½ Miton,K (2588)-Tomashevsky,E (2705) Wch Blitz St Petersburg 2018 (16)}) 14... Kh8 $146 ({RR} 14... exf5 15. Rxf5 Nc5 16. Nh6+ gxh6 17. Bxh6 Ne6 18. d5 cxd5 19. exd5 Ng7 20. Qg4 Qb6+ 21. Kh1 Qxh6 22. Raf1 Bc8 23. Qf4 Nxf5 {0-1 Raahul,V (2299)-Drozdowski,K (2448) Titled Tue 16th May Early 2023 (2)}) ({RR} 14... exf5 15. Rxf5 Nf6 16. Nxf6+ Bxf6 17. e5 Be7 18. Rh5 g6 19. Be4 f5 20. exf6 Bxf6 21. Rxh7 Qe8 22. Bxg6 Qxg6 23. Rxb7 Rae8 24. Bf4 Bg7 25. Qf3 Bh6 26. Kh1 Bxf4 27. gxf4 Qe4 28. Rg1+ Kh8 29. Qxe4 {½-½ Fridman,D (2626)-Postny,E (2568) Cappelle Online Blitz op 2022 (7)}) 15. e5 exf5 16. Rxf5 f6 17. Qc2 g6 18. Rf1 f5 19. Nh6 Kg7 20. e6 Nf6 21. Nf7 Rxf7 22. exf7 Kxf7 23. Bg5 Qd7 24. Rae1 Re8 25. Qd2 a5 26. h3 b4 27. g4 bxc3 28. Qxc3 Nd5 29. Qc1 Bxg5 30. Qxg5 Ne3 31. Rxe3 Qxd4 32. Rff3 c5 33. Rxf5+ gxf5 34. Qh5+ Kg7 35. Qxe8 Be4 36. Qe7+ Kh6 37. Qh4+ Kg7 38. Qg5+ Kh8 39. gxf5 1-0

[Event "45th Olympiad 2024"]
[Site "Budapest HUN"]
[Date "2024.09.16"]
[Round "6.37"]
[Board "3"]
[White "Ulhaq, Zacky Dhia"]
[Black "Lahdelma, Henri"]
[Result "1/2-1/2"]
[WhiteElo "2203"]
[BlackElo "2331"]
[PlyCount "98"]
[EventDate "2024.09.11"]
[WhiteTeam "Indonesia"]
[BlackTeam "Finland"]
[WhiteTeamCountry "INA"]
[BlackTeamCountry "FIN"]

1. d4 d5 2. c4 dxc4 3. e3 e5 4. Bxc4 exd4 5. exd4 Bd6 6. Nf3 Nf6 7. Qe2+ Qe7 8. Qxe7+ Bxe7 9. O-O O-O 10. Nc3 Nbd7 ({RR} 10... a6 11. Re1 Bd8 12. Bf4 Nbd7 13. Rac1 Nb6 14. Bb3 h6 15. d5 Bf5 16. h3 Re8 17. g4 Rxe1+ 18. Rxe1 Bd7 19. Ne5 Be8 20. h4 a5 21. a4 Nfd7 22. Nxd7 Bxd7 23. g5 hxg5 24. hxg5 Kf8 25. d6 {1-0 Aronian,L (2815)-Nakamura,H (2775) Wch Rapid Dubai 2014 (10)}) 11. Re1 Bd6 12. Nb5 $146 ({RR} 12. Bg5 h6 13. Bh4 c6 14. Bb3 b5 15. Ne5 Bb7 16. Nxd7 Nxd7 17. Be7 Bxe7 18. Rxe7 Rad8 19. Ne4 c5 20. Nxc5 Nxc5 21. dxc5 Bd5 22. Rxa7 Bxb3 23. axb3 Rd2 24. Rb7 Rxb2 25. Rxb5 Rd8 26. g3 Rdd2 {1-0 Omelja,A (2499)-Tanaka,T (2099) Titled Tuesday intern op 02nd Feb blitz 2021 (4)}) ({RR} 12. Bg5 c6 13. Bb3 a5 14. a3 Nb6 15. Bxf6 gxf6 16. Ne4 Be7 17. Neg5 Bd6 18. Ne4 Be7 19. Ng3 Re8 20. Nh4 a4 21. Bc2 Be6 22. Nhf5 Bxf5 23. Bxf5 Bf8 24. Nh5 Bg7 25. Rac1 Nc4 26. Re4 Rxe4 {½-½ Aczel,G (2498)-Dubnevych,M (2283) Slovakia Chess Open 2024 (2.15)}) ({RR} 12. Bg5 h6 13. Bh4 Nb6 14. Bb3 Bd7 15. Bxf6 gxf6 16. Ne4 Kg7 17. Nc5 Bc8 18. Rac1 c6 19. Nh4 Rd8 20. Rc3 Nd5 21. Rf3 Bxc5 22. dxc5 Be6 23. Nf5+ Bxf5 24. Rxf5 Re8 25. Kf1 Nb4 {½-½ Ivanisevic,I (2633)-Bauer,C (2619) Zuerich Chess Challenge op 6th 2017 (4)}) 12... Nb6 13. Nxd6 cxd6 14. Bd3 Nfd5 15. Bd2 h6 16. Rac1 a5 17. a3 Be6 18. Nh4 Rfd8 19. Rc2 Nd7 20. h3 Nb8 21. Bf5 Bxf5 22. Nxf5 Nc6 23. Re4 h5 24. Bg5 Rd7 25. Rce2 f6 26. Bh4 g6 27. Ne3 Nxe3 28. R2xe3 g5 29. d5 Ne5 30. f4 gxh4 31. fxe5 dxe5 32. Rb3 Kf7 33. Rxh4 a4 34. Rbb4 Kg6 35. Rxa4 Rxa4 36. Rxa4 Rxd5 37. Rb4 b5 38. Kf2 Kg5 39. Ke3 f5 40. h4+ Kf6 41. a4 bxa4 42. Rxa4 Rd6 43. Rb4 Ke6 44. g3 Rc6 45. Rb8 Rc2 46. Re8+ Kf6 47. Rf8+ Ke6 48. Re8+ Kf6 49. Rf8+ Ke6 1/2-1/2

[Event "45th Olympiad 2024"]
[Site "Budapest HUN"]
[Date "2024.09.16"]
[Round "6.38"]
[Board "3"]
[White "Burovic, Rijad"]
[Black "Mendez Machado, Andre"]
[Result "0-1"]
[WhiteElo "2426"]
[BlackElo "2122"]
[PlyCount "102"]
[EventDate "2024.09.11"]
[WhiteTeam "Bosnia & Herzegovina"]
[BlackTeam "Panama"]
[WhiteTeamCountry "BIH"]
[BlackTeamCountry "PAN"]

1. e4 e5 2. Nf3 Nc6 3. Bc4 Nf6 4. d3 Bc5 5. c3 d6 6. O-O a6 7. Nbd2 Ba7 8. Bb3 h6 9. Re1 Ng4 ({RR} 9... Nh7 10. Nf1 Qf6 11. Ne3 Bxe3 12. fxe3 Bg4 13. Qe2 Ng5 14. Bd1 Nxf3+ 15. gxf3 Bd7 16. Kh1 g5 17. f4 O-O-O 18. d4 gxf4 19. d5 Ne7 20. exf4 exf4 21. Qf2 Ng6 22. Bh5 Kb8 23. Bxg6 Qxg6 24. Bxf4 {0-1 Bederdin,L (2065)-Borda Rodas,A (2216) Olympiad Women 2024 (5.18)}) 10. Re2 Bd7 $146 ({RR} 10... O-O 11. h3 Nf6 12. Nf1 Nh5 13. Be3 Qf6 14. N1h2 Nf4 15. Re1 Ne7 16. Ng4 Qg6 17. Nh4 Qg5 18. Bxf4 exf4 19. Nf3 Bxg4 20. hxg4 Qxg4 21. Nh2 Qxd1 22. Raxd1 c5 23. Nf3 g5 24. e5 d5 25. Kf1 {1-0 Kolaric,S (1996)-Krivec,J (2318) SLO-ch (Women) 2010 (5)}) ({RR} 10... Nf6 11. Nf1 O-O 12. Ng3 Ne7 13. Be3 Ng6 14. Re1 Bxe3 15. fxe3 c6 16. d4 b5 17. Qd2 Qc7 18. Rad1 c5 19. dxe5 dxe5 20. Qd6 Ra7 21. Qxc7 Rxc7 22. Rd6 Rd7 23. Red1 Rfd8 24. Rxd7 Rxd7 25. Rxd7 {1-0 Atabayev,M (2492)-Vallejo Pons,F (2711) Wch Blitz Doha 2016 (6)}) 11. Nf1 Qe7 12. h3 Nf6 13. Ne3 Bxe3 14. Rxe3 g5 15. Nh2 O-O-O 16. d4 Rdg8 17. d5 Nb8 18. Bc2 h5 19. c4 Ne8 20. Rc3 g4 21. Kh1 gxh3 22. g3 Bg4 23. Nxg4 Rxg4 24. Bd2 Rhg8 25. Rc1 h4 26. Be1 hxg3 27. fxg3 Qf6 28. Qe2 Qg5 29. Bb1 Nd7 30. Kh2 Kd8 31. b4 Nef6 32. c5 Ke7 33. Qf3 Qh5 34. cxd6+ cxd6 35. Bf2 b5 36. Re1 Rh8 37. Rf1 Qg6 38. Rc7 Nxe4 39. Qe3 Rd8 40. Be1 f5 41. Bd3 f4 42. Bxe4 Qxe4 43. Qxe4 fxg3+ 44. Bxg3 Rxe4 45. a3 Rg8 46. Rf3 Rh8 47. Ra7 Rd4 48. Rxa6 Rxd5 49. Be1 Rd1 50. Bf2 Rd2 51. Ra7 Ke6 0-1

[Event "45th Olympiad 2024"]
[Site "Budapest HUN"]
[Date "2024.09.16"]
[Round "6.38"]
[Board "4"]
[White "Baules Rodriguez, Jorge Luis"]
[Black "Culum, Sanjin"]
[Result "0-1"]
[WhiteElo "2271"]
[BlackElo "2409"]
[PlyCount "110"]
[EventDate "2024.09.11"]
[WhiteTeam "Panama"]
[BlackTeam "Bosnia & Herzegovina"]
[WhiteTeamCountry "PAN"]
[BlackTeamCountry "BIH"]

1. e4 c5 2. Nf3 d6 3. d4 cxd4 4. Nxd4 Nf6 5. f3 e5 6. Nb3 d5 7. Bg5 d4 8. c3 Nc6 9. Bb5 h6 10. Bh4 ({RR} 10. Bxf6 Qxf6 11. cxd4 Bb4+ 12. Nc3 O-O 13. O-O Nxd4 14. Nd5 Qd6 15. Nxd4 Bc5 16. Kh1 Bxd4 17. Qe2 Be6 18. Bc4 Rac8 19. Bb3 Qc5 20. Qd2 Kh8 21. Rad1 a5 22. a4 Qa7 23. Qd3 Qa6 24. Ne7 Bxb3 {½-½ Bruzon Batista,L (2664)-Cheparinov,I (2681) Olympiad-41 Tromsoe 2014 (9.2)}) 10... Qb6 11. Bc4 ({RR} 11. Bxc6+ bxc6 12. cxd4 Bb4+ 13. Nc3 O-O 14. O-O Nh5 15. Bf2 Rd8 16. d5 Qa6 17. g3 Nf6 18. Re1 Bb7 19. Qe2 cxd5 20. Qxa6 Bxa6 21. exd5 Nxd5 {½-½ Kozlowski,M (2114)-Szadkowski,K (2253) TCh-POL 2nd League 2024 (9.26)}) 11... Be7 12. Bf2 Qc7 $146 ({RR} 12... Na5 13. Nxa5 Qxa5 14. O-O dxc3 15. Nxc3 O-O 16. Qb3 Bc5 17. Rac1 Bd7 18. Nd5 Bxf2+ 19. Rxf2 Nxd5 20. Bxd5 Rab8 21. Qc3 Qb6 22. Qxe5 Rbc8 23. Rc3 Rxc3 24. bxc3 Bc6 25. g3 Bxd5 26. exd5 Qc5 27. Kg2 {0-1 Piorun,K (2651)-Sjugirov,S (2673) Titled Tuesday intern op 7th Febr blitz 2017 (9)}) ({RR} 12... O-O 13. O-O Rd8 14. N1d2 Nh5 15. g3 Bh3 16. Re1 Rac8 17. Bd5 Nf6 18. Bc4 Qc7 19. cxd4 exd4 20. Rc1 Qb8 21. Bf1 Be6 22. a3 Ne5 23. Kg2 Rxc1 24. Qxc1 Nc6 25. Bb5 Qe5 26. Bxc6 bxc6 27. Qxc6 {½-½ Neelotpal,D (2410)-Utsab,C (2255) Lorca op 10th 2021 (5)}) 13. cxd4 Nxd4 14. N1d2 Nc6 15. O-O O-O 16. Qe2 Nh5 17. g3 Bh3 18. Rfd1 Nf6 19. Rac1 Rfd8 20. Kh1 Bd7 21. Nf1 Rac8 22. Ne3 Qb8 23. a3 Bf8 24. Nd5 Nxd5 25. exd5 Ne7 26. Nc5 Nf5 27. b4 b6 28. Ne6 Re8 29. Nxf8 Kxf8 30. Qb2 Nd6 31. Ba6 Rxc1 32. Qxc1 Qd8 33. Qe3 Qf6 34. Kg1 e4 35. Be2 Nf5 36. Qf4 Qb2 37. fxe4 Qxe2 38. Re1 Qc4 39. exf5 Rxe1+ 40. Bxe1 Qxd5 41. f6 g5 42. Qb8+ Be8 43. Bf2 Qd1+ 44. Kg2 Qe2 45. h4 Kg8 46. hxg5 hxg5 47. Kg1 Kh7 48. Qxa7 Qd1+ 49. Kh2 Qd5 50. b5 Bxb5 51. Qxb6 Bc6 52. Qb1+ Kh6 53. Qf1 Qf3 54. Qh3+ Kg6 55. Kg1 g4 0-1

[Event "45th Olympiad 2024"]
[Site "Budapest HUN"]
[Date "2024.09.16"]
[Round "6.39"]
[Board "3"]
[White "Ouakhir, Mehdi Pierre"]
[Black "Almiron, Antonio"]
[Result "0-1"]
[WhiteElo "2191"]
[BlackElo "2312"]
[PlyCount "62"]
[EventDate "2024.09.11"]
[WhiteTeam "Morocco"]
[BlackTeam "Paraguay"]
[WhiteTeamCountry "MAR"]
[BlackTeamCountry "PAR"]

1. d4 Nf6 2. Bg5 d5 3. Nd2 c5 4. e3 Nc6 5. c3 cxd4 6. exd4 Bf5 ({RR} 6... h6 7. Bf4 Bf5 8. Qb3 Qc8 9. Ngf3 e6 10. Be2 Be7 11. O-O O-O 12. a4 Nh5 13. Be3 Nf6 14. Bf4 Nh5 15. Be3 Nf6 16. Bf4 {½-½ Korobov,A (2683)-Salgado Lopez,I (2593) Los Cancajos FEDA Scheveningen 2020 (7.2)}) 7. Ngf3 ({RR} 7. Qb3 Qd7 8. Ngf3 Ne4 9. Nxe4 Bxe4 10. Ne5 Nxe5 11. dxe5 O-O-O 12. O-O-O Qf5 13. Be3 Qxe5 14. Bxa7 g6 15. Be3 h5 16. f4 Qd6 17. Qa4 Bh6 18. Qa8+ Kc7 19. Qa5+ Kc8 20. Qa8+ Kc7 21. Qa5+ Kc8 {½-½ Maksimovic,B (2499)-Hansen,S (2520) Titled Tue 27th Aug Early 2024 (5)}) 7... e6 8. Qb3 Qc7 9. Bxf6 $146 ({RR} 9. Be2 Bd6 10. Nh4 Bg6 11. Nxg6 hxg6 12. h3 Nh5 13. Bxh5 Rxh5 14. Be3 O-O-O 15. O-O-O Na5 16. Qc2 Nc4 17. Nxc4 dxc4 18. Kb1 Qc6 19. f3 Ra5 20. Bc1 Be7 21. Rhe1 Rdd5 22. f4 Qa6 23. a3 Rdb5 {0-1 Ali Marandi,C (2543)-Shevchenko,K (2599) FIDE World Uni Rapid 1st 2021 (2)}) 9... gxf6 10. Be2 Bh6 11. Nf1 O-O-O 12. Ng3 Bg6 13. a4 Na5 14. Qa2 Kb8 15. O-O Rc8 16. b4 Nc4 17. Qb3 Nd2 18. Nxd2 Bxd2 19. Ra3 Qxc3 20. Qxc3 Bxc3 21. b5 Bxd4 22. Bd3 Rc3 23. Rxc3 Bxc3 24. Rd1 Rc8 25. h4 Be5 26. h5 Bxd3 27. Rxd3 Rc1+ 28. Kh2 Ra1 29. Kh3 Rxa4 30. Ne2 f5 31. f4 Bxf4 0-1

[Event "45th Olympiad 2024"]
[Site "Budapest HUN"]
[Date "2024.09.16"]
[Round "6.39"]
[Board "4"]
[White "Latorre, Matias"]
[Black "NAIT ELASRI BRAHIM"]
[Result "1/2-1/2"]
[WhiteElo "2264"]
[BlackElo "1994"]
[PlyCount "133"]
[EventDate "2024.09.11"]
[WhiteTeam "Paraguay"]
[BlackTeam "Morocco"]
[WhiteTeamCountry "PAR"]
[BlackTeamCountry "MAR"]

1. d4 Nf6 2. Bf4 e6 3. Nf3 d5 4. e3 Nbd7 5. Bd3 c5 6. c3 Be7 ({RR} 6... Qb6 7. Qc2 Bd6 8. O-O Bxf4 9. exf4 O-O 10. Nbd2 Qc7 11. Ne5 cxd4 12. cxd4 Qxc2 13. Bxc2 Nxe5 14. fxe5 Nd7 15. a4 Nb8 16. Nb3 Nc6 17. Bd3 Nb4 18. Rfd1 b6 19. Bb5 Bb7 20. Rdc1 Rfc8 21. a5 {0-1 Szabolcsi,J (2380)-Csonka,A (2353) HUN-chT 0405 2004 (2)}) 7. Ne5 ({RR} 7. Bb5 O-O 8. O-O a6 9. Ba4 b5 10. Bc2 Bb7 11. a3 c4 12. Nbd2 a5 13. Qe2 Nh5 14. Bxh7+ Kxh7 15. Ng5+ Bxg5 16. Qxh5+ Bh6 17. Nf3 Nf6 18. Qh3 Rh8 19. Ne5 Kg8 20. g4 Qe7 21. Bxh6 Rxh6 {0-1 Sai Dheeraj Vadlamudi (1461)-De Silva,S (1787) Robinson Cup 2024 (3.4)}) 7... Nxe5 8. Bxe5 Qb6 $146 ({RR} 8... a6 9. Nd2 c4 10. Bc2 b5 11. a3 Bb7 12. Qf3 Bd6 13. Qg3 Nh5 14. Qh3 Bxe5 15. dxe5 g6 16. Nf3 Qe7 17. Nd4 Ng7 18. O-O O-O 19. f4 Nf5 20. Bxf5 exf5 21. Rf3 f6 22. exf6 Rxf6 23. Rg3 {½-½ Misetane Burjan,A (2012)-Holczl,A (1995) HUN-chT2 Asztalos 0910 2009 (5)}) ({RR} 8... b6 9. Nd2 O-O 10. Qe2 cxd4 11. exd4 Bd6 12. Nf3 Ng4 13. h3 Nxe5 14. dxe5 Bc7 15. Nd4 Qg5 16. Nf3 Qe7 17. O-O Bb7 18. Nd4 f6 19. f4 fxe5 20. fxe5 a6 21. Rae1 Rxf1+ 22. Rxf1 Qg5 23. Nf3 {½-½ Bloch Nakkerud,R-Berea de Montero,M World-ch (Women) 07th 1939}) 9. Qc2 c4 10. Be2 Qc6 11. Nd2 O-O 12. O-O b5 13. Bxf6 Bxf6 14. e4 g6 15. Bf3 a5 16. Rfe1 Rb8 17. a3 Bg7 18. exd5 exd5 19. Nf1 Be6 20. Ne3 h5 21. g3 Rb6 22. Qe2 Rfb8 23. Qf1 b4 24. axb4 axb4 25. Qg2 Rd8 26. Ra5 Rb5 27. Rea1 Qb6 28. Ra6 Qb7 29. Qf1 Rb6 30. Ra7 Qc6 31. R7a5 Rb5 32. R5a4 Rdb8 33. b3 cxb3 34. c4 b2 35. Rd1 R5b6 36. Ra2 b3 37. Rxb2 Qa4 38. Nxd5 Bxd5 39. Bxd5 Qa3 40. Qe2 Qa5 41. Qd3 Qa6 42. h4 Rb4 43. Kg2 Qb6 44. Qe4 Qd6 45. Rd3 Kf8 46. Qf3 Qd7 47. Qd1 Bf6 48. Qd2 Kg7 49. Qf4 Qa7 50. Kh2 Qb6 51. Kg2 Qa7 52. Kh2 Qb6 53. c5 Qd8 54. Rdxb3 Rxb3 55. Rxb3 Rxb3 56. Bxb3 Qxd4 57. Qxd4 Bxd4 58. c6 Bb6 59. Kg2 f6 60. Kf3 f5 61. Ke2 Kf6 62. Kd3 Ke7 63. Bg8 Bxf2 64. Bh7 Bxg3 65. Bxg6 Bxh4 66. Bxf5 Bg3 67. Ke4 1/2-1/2